000 01524cam a22004094i 4500
003 PE-LiUPU
005 20250731173248.0
008 150625s1958 ag r 000 0 spa d
035 _a(Sirsi) a35510
040 _aPE-LiUPU
_bspa
_cPE-LiUPU
_erda
082 0 4 _a231.3
_bV28
_221
100 1 _aVan Dusen, Henry P.,
_eautor.
245 1 0 _aEspiritu, Hijo y Padre /
_cHenry P. Van Dusen.
264 1 _aBuenos Aires :
_bLa Aurora,
_c1958.
300 _a192 páginas ;
_c18 centímetros
336 _atext
_2rdacontent
337 _aunmediated
_2rdamedia
338 _avolume
_2rdacarrier
505 0 _a¿Porque el Espíritu Santo?.- El Antiguo Testamento.- El Nuevo Testamento.- La iglesia atraves de los siglos.- El Espíritu Santo y el hombre.- El Espíritu Santo y Cristo.- El Espíritu Santo y Dios.- El Espíritu Santo y la iglesia.
526 _aSEG42
526 _aSEG41
526 _aSEG40
526 _aSEG39
526 _aP94
526 _aP87
526 _aP86
526 _aP85
526 _aP77
526 _aP76
526 _aP35
650 0 4 _aTrinidad.
_93711
942 _2ddc
_cBOOK
949 _a231.3 V28
_wDEWEY
_c1
_i37269
_lCCODEBUL1
_mBUL
_p00.00
_r0
_sY
_tBOOK
_u2015-06-25
_xBIBLIOTECA
_zUNKNOWN
_0COMPRA
_o.STAFF. Colección General
596 _a1
999 _a231.3 V28
_wDEWEY
_c43483
_i37269
_d43483
_e2016-8-12
_f2021-11-11
_g5
_lCCODEBUL1
_mBUL
_n1
_p12.00
_r0
_sY
_tBOOK
_u2015-6-25
_xTEOLOGIA
_zUNKNOWN
_0COMPRA
_o.STAFF. Colección teología
980 _81
_gALBERTO SANCHEZ Responsable de Automatización